PSV Biggest Transfers - Statistics

General Stats
  • This quiz has been taken 93 times
  • The average score is 88 of 198
Answer Stats
% Correct
Incomings Mexico RW Hirving Lozano 23/24 Napoli
95%
Incomings Mexico RW Hirving Lozano 17/18 Pachuca
95%
Outgoings Mexico RW Hirving Lozano 19/20 Napoli
95%
Incomings Netherlands LW Noa Lang 23/24 Club Brugge
89%
Incomings Netherlands ST Luuk de Jong 14/15 Borussia Monchengladbach
85%
Incomings Netherlands ST Luuk de Jong 22/23 Sevilla
85%
Outgoings Netherlands ST Luuk de Jong 19/20 Sevilla
85%
Incomings Portugal LW Bruma 19/20 RB Leipzig
82%
Outgoings Portugal LW Bruma 22/23 Fenerbahce
82%
Outgoings Netherlands ST Cody Gakpo 22/23 Liverpool
82%
Incomings Netherlands CB Jeffrey Bruma 13/14 Chelsea
82%
Outgoings Netherlands CB Jeffrey Bruma 16/17 Wolfsburg
82%
Incomings United States ST Ricardo Pepi 23/24 Augsburg
81%
Incomings Ivory Coast DM Ibrahim Sangare 20/21 Toulouse
79%
Outgoings Ivory Coast DM Ibrahim Sangare 23/24 Nottingham Forest
79%
Incomings Brazil ST Ronaldo 94/95 Cruzeiro
79%
Outgoings Brazil ST Ronaldo 96/97 Barcelona
79%
Outgoings Netherlands ST Memphis Depay 15/16 Manchester United
78%
Outgoings Brazil ST Romario 93/94 Barcelona
78%
Outgoings Netherlands RW Donyell Malen 21/22 Borussia Dortmund
77%
Incomings Netherlands CM Georginio Wijnaldum 11/12 Feyenoord
77%
Outgoings Netherlands CM Georginio Wijnaldum 15/16 Newcastle United
77%
Incomings Netherlands ST Ruud van Nistelrooy 98/99 Heerenveen
77%
Outgoings Netherlands ST Ruud van Nistelrooy 01/02 Manchester United
77%
Incomings Spain LB Angelino 18/19 Manchester City
75%
Outgoings Spain LB Angelino 19/20 Manchester City
75%
Incomings Sweden ST Marcus Berg 10/11 Hamburg
75%
Incomings South Korea AM Park Ji-sung 02/03 Kyoto Purple Sanga
75%
Outgoings South Korea AM Park Ji-sung 05/06 Manchester United
75%
Incomings Germany LB Philipp Max 20/21 Augsburg
75%
Outgoings Germany LB Philipp Max 23/24 Eintracht Frankfurt
75%
Incomings Netherlands DM Jerdy Schouten 23/24 Bologna
74%
Incomings Netherlands RW Arjen Robben 02/03 Groningen
73%
Outgoings Netherlands RW Arjen Robben 04/05 Chelsea
73%
Incomings Netherlands AM John de Jong 01/02 Utrecht
73%
Outgoings England RW Noni Madueke 22/23 Chelsea
73%
Outgoings Netherlands LW Steven Bergwijn 19/20 Tottenham Hotspur
73%
Incomings Serbia ST Mateja Kezman 00/01 Partizan Belgrade
71%
Outgoings Serbia ST Mateja Kezman 04/05 Chelsea
71%
Incomings Japan RW Ritsu Doan 19/20 Groningen
71%
Outgoings Japan RW Ritsu Doan 22/23 Freiburg
71%
Incomings Netherlands AM Guus Til 22/23 Spartak Moscow
70%
Incomings Brazil GK Heurelho Gomes 04/05 Cruzeiro
70%
Outgoings Brazil GK Heurelho Gomes 08/09 Tottenham Hotspur
70%
Incomings Belgium SS Dries Mertens 11/12 Utrecht
68%
Outgoings Belgium SS Dries Mertens 13/14 Napoli
68%
Outgoings Netherlands RW Xavi Simons 23/24 Paris Saint-Germain
68%
Incomings Netherlands RM Denzel Dumfries 18/19 Heerenveen
66%
Outgoings Netherlands RM Denzel Dumfries 21/22 Inter Milan
66%
Incomings Colombia RB Santiago Arias 13/14 Sporting CP
66%
Outgoings Colombia RB Santiago Arias 18/19 Atletico Madrid
66%
Incomings Mexico CB Hector Moreno 15/16 Espanyol
64%
Outgoings Mexico CB Hector Moreno 17/18 Roma
64%
Incomings Netherlands CB Jaap Stam 95/96 Willem II
64%
Outgoings Netherlands CB Jaap Stam 98/99 Manchester United
64%
Outgoings Curacao ST Jurgen Locadia 17/18 Brighton & Hove Albion
64%
Incomings Netherlands CM Kevin Strootman 11/12 Utrecht
64%
Outgoings Netherlands CM Kevin Strootman 13/14 Roma
64%
Incomings United States AM Malik Tillman 23/24 Bayern Munich
64%
Incomings Germany CB Timo Baumgartl 19/20 Stuttgart
64%
Incomings Belgium DM Timmy Simons 05/06 Club Brugge
63%
Incomings Mexico CM Andres Guardado 15/16 Valencia
62%
Outgoings Mexico CM Andres Guardado 17/18 Real Betis
62%
Incomings Netherlands CM Davy Propper 15/16 Vitesse
62%
Outgoings Netherlands CM Davy Propper 17/18 Brighton & Hove Albion
62%
Incomings Peru RW Jefferson Farfan 04/05 Allianza Lima
62%
Outgoings Peru RW Jefferson Farfan 08/09 Schalke
62%
Incomings Argentina ST Maximiliano Romero 17/18 Velez Sarsfield
62%
Outgoings Argentina ST Maximiliano Romero 23/24 Racing Club
62%
Incomings Uruguay AM Gaston Pereiro 15/16 Nacional
60%
Outgoings Uruguay AM Gaston Pereiro 19/20 Cagliari
60%
Incomings Netherlands CM Joey Veerman 21/22 Heerenveen
60%
Incomings Mexico CM Erick Gutierrez 18/19 Pachuca
59%
Outgoings Mexico CM Erick Gutierrez 23/24 Guadalajara
59%
Outgoings Netherlands GK Jeroen Zoet 20/21 Spezia
59%
Incomings Netherlands GK Joel Drommel 21/22 Twente
55%
Incomings Sweden ST Ola Toivonen 08/09 Malmo
55%
Outgoings Sweden ST Ola Toivonen 13/14 Rennes
55%
Outgoings Germany AM Mario Gotze 22/23 Eintracht Frankfurt
53%
Outgoings Netherlands AM Ruud Gullit 87/88 Milan
53%
Incomings Germany CB Armel Bella-Kotchap 23/24 Southampton
52%
Incomings Netherlands ST Jan Vennegoor of Hesselink 01/02 Twente
52%
Outgoings Netherlands ST Jan Vennegoor of Hesselink 06/07 Celtic
52%
Incomings Netherlands LB Patrick van Aanholt 22/23 Galatasaray
52%
Incomings Slovenia ST Tim Matavz 11/12 Groningen
52%
Outgoings Slovenia ST Tim Matavz 14/15 Augsburg
52%
Incomings Hungary AM Balazs Dzsudzsak 07/08 Debrecen
51%
Outgoings Hungary AM Balazs Dzsudzsak 11/12 Anzhi Makhachkala
51%
Incomings Brazil ST Carlos Vinicius 21/22 Benfica
51%
Incomings France CB Olivier Boscagli 19/20 Nice
49%
Incomings Brazil CB Andre Ramalho 21/22 RB Salzburg
48%
Incomings Netherlands AM Bart Ramselaar 16/17 Utrecht
48%
Incomings Netherlands CM Mark van Bommel 99/00 Fortuna Sittard
48%
Outgoings Netherlands ST Sam Lammers 20/21 Atalanta
48%
Incomings Ivory Coast ST Arouna Kone 06/07 Roda
47%
Outgoings Ivory Coast ST Arouna Kone 07/08 Sevilla
47%
Incomings Costa Rica AM Bryan Ruiz 13/14 Fulham
47%
Outgoings Netherlands DM Pablo Rosario 21/22 Nice
47%
Incomings New Zealand CM Ryan Thomas 18/19 PEC Zwolle
47%
Incomings Netherlands CM Adam Maher 13/14 AZ Alkmaar
45%
Outgoings Netherlands AM Ibrahim Affelay 10/11 Barcelona
45%
Incomings Netherlands RW Anwar El Ghazi 22/23 Aston Villa
44%
Incomings Greece ST Konstantinos Mitroglou 19/20 Galatasaray
44%
Incomings Belgium ST Luc Nilis 94/95 Anderlecht
44%
Outgoings Netherlands SW Ronald Koeman 89/90 Barcelona
44%
Incomings Poland GK Przemyslaw Tyton 12/13 Roda
42%
Outgoings Poland GK Przemyslaw Tyton 15/16 Stuttgart
42%
Outgoings Czech Republic CM Michal Sadilek 22/23 Twente
41%
Outgoings Austria RB Philipp Mwene 23/24 Mainz
41%
Outgoings Netherlands AM Mohamed Ihattaren 21/22 Juventus
40%
Incomings Netherlands RW Jeremain Lens 10/11 AZ Alkmaar
38%
Outgoings Netherlands RW Jeremain Lens 13/14 Dynamo Kyiv
38%
Incomings South Korea LB Lee Young-pyo 02/03 Anyang LG Cheetahs
37%
Outgoings South Korea LB Lee Young-pyo 05/06 Tottenham Hotspur
37%
Incomings Netherlands AM Luciano Narsingh 12/13 Heerenveen
36%
Outgoings Netherlands AM Luciano Narsingh 16/17 Swansea City
36%
Outgoings Netherlands LB Jetro Willems 17/18 Eintracht Frankfurt
34%
Incomings Brazil CB Marcelo 10/11 Wisla Krakow
34%
Outgoings Brazil CB Marcelo 13/14 Hannover
34%
Incomings Sweden GK Andreas Isaksson 08/09 Manchester City
33%
Outgoings Netherlands LB Wilfred Bouma 05/06 Aston Villa
33%
Incomings Serbia SS Danko Lazovic 07/08 Vitesse
32%
Outgoings Serbia SS Danko Lazovic 09/10 Zenit
32%
Incomings France CB Nicolas Isimat-Mirin 15/16 Monaco
32%
Incomings Bulgaria RB Stanislav Manolev 09/10 Litex Lovech
32%
Incomings Netherlands ST Danny Koevermans 07/08 AZ Alkmaar
30%
Incomings Netherlands CB Derrick Luckassen 17/18 AZ Alkmaar
30%
Incomings Mexico CB Francisco Rodriguez 08/09 Guadalajara
30%
Outgoings Mexico CB Francisco Rodriguez 11/12 Stuttgart
30%
Incomings Australia LB Aziz Behich 18/19 Bursaspor
29%
Outgoings Australia LB Aziz Behich 19/20 Istanbul Basaksehir
29%
Incomings Mexico CB Carlos Salcido 06/07 Guadalajara
29%
Outgoings Mexico CB Carlos Salcido 10/11 Fulham
29%
Incomings United States LB DaMarcus Beasley 04/05 Chicago Fire
29%
Outgoings United States LB DaMarcus Beasley 07/08 Rangers
29%
Outgoings Denmark RW Dennis Rommedahl 04/05 Charlton Athletic
29%
Incomings Netherlands CB Erik Pieters 08/09 Utrecht
29%
Outgoings Netherlands CB Erik Pieters 13/14 Stoke City
29%
Incomings Morocco RW Nordim Amrabat 08/09 VVV-Venlo
29%
Outgoings Morocco RW Nordim Amrabat 10/11 Kayserispor
29%
Outgoings Netherlands LW Boudewijn Zenden 98/99 Barcelona
27%
Incomings Ghana CB Eric Addo 99/00 Club Brugge
27%
Outgoings Netherlands ST Joel Piroe 21/22 Swansea City
27%
Incomings Denmark ST Kenneth Perez 07/08 Ajax
27%
Outgoings Denmark ST Kenneth Perez 07/08 Ajax
27%
Outgoings Morocco AM Ismail Aissati 08/09 Ajax
26%
Incomings Sweden CM Oscar Hiljemark 12/13 Elfsborg
25%
Outgoings Sweden CM Oscar Hiljemark 15/16 Palermo
25%
Outgoings Romania CB Gheorghe Popescu 94/95 Tottenham Hotspur
23%
Incomings Netherlands RB Jan Kromkamp 06/07 Liverpool
23%
Outgoings Netherlands CB Andre Ooijer 06/07 Blackburn Rovers
22%
Incomings Australia CM Jason Culina 05/06 Twente
21%
Outgoings Netherlands RB Joshua Brenet 18/19 Hoffenheim
21%
Incomings Netherlands ST Wim Kieft 91/92 Bordeaux
21%
Incomings Netherlands ST Wim Kieft 87/88 Torino
21%
Outgoings Netherlands ST Wim Kieft 90/91 Bordeaux
21%
Outgoings Iceland LW Albert Gudmundsson 18/19 AZ Alkmaar
19%
Incomings Netherlands LB Arthur Numan 92/93 Twente
18%
Outgoings Netherlands LB Arthur Numan 98/99 Rangers
18%
Incomings Netherlands DM Wim Jonk 95/96 Inter Milan
18%
Outgoings Netherlands DM Wim Jonk 98/99 Sheffield Wednesday
18%
Outgoings Finland RW Joonas Kolkka 01/02 Panathinaikos
16%
Incomings Brazil GK Cassio 07/08 Gremio
15%
Outgoings Netherlands CB Kevin Hofland 04/05 Wolfsburg
15%
Incomings Netherlands DM Orlando Engelaar 09/10 Schalke
15%
Incomings Brazil CM Vampeta 94/95 Vitoria
14%
Incomings Portugal RB Abel Xavier 98/99 Real Oviedo
12%
Outgoings Portugal RB Abel Xavier 99/00 Everton
12%
Outgoings Belgium ST Gilles De Bilde 99/00 Sheffield Wednesday
12%
Outgoings Denmark RB Kasper Bogelund 05/06 Borussia Monchengladbach
12%
Incomings Russia CB Yuriy Nikiforov 98/99 Sporting Gijon
12%
Outgoings Russia CM Dmitriy Khokhlov 99/00 Real Sociedad
11%
Incomings Morocco CB Manuel da Costa 06/07 Nancy
11%
Outgoings Morocco CB Manuel da Costa 07/08 Fiorentina
11%
Incomings Brazil ST Robert 04/05 Atlas
11%
Outgoings Brazil ST Robert 07/08 Real Betis
11%
Incomings Brazil ST Marcelo Ramos 96/97 Cruzeiro
10%
Outgoings Brazil ST Marcelo Ramos 97/98 Cruzeiro
10%
Outgoings Netherlands DM Theo Lucius 06/07 Feyenoord
10%
Incomings Poland RM Tomasz Iwan 97/98 Feyenoord
10%
Incomings Denmark ST Flemming Povlsen 89/90 Koln
8%
Outgoings Denmark ST Flemming Povlsen 90/91 Borussia Dortmund
8%
Outgoings Netherlands ST Hans Gillhaus 89/90 Aberdeen
8%
Outgoings France CB Jeremie Brechet 09/10 Sochaux
7%
Outgoings Netherlands LW Peter Hoekstra 95/96 Ajax
7%
Incomings Netherlands ST Erik Meijer 93/94 MVV Maastricht
5%
Incomings Serbia CB Jagos Vukovic 10/11 Rad
5%
Incomings Netherlands RB Michael Lamey 02/03 Waalwijk
5%
Incomings Denmark ST Peter Moller 97/98 Brondby
5%
Outgoings Denmark ST Peter Moller 98/99 Real Oviedo
5%
Incomings Peru AM Reimond Manco 08/09 Alianza Lima
5%
Incomings Netherlands CB Remco van der Schaaf 02/03 Vitesse
5%
Incomings Brazil LB Jorginho Paulista 98/99 Palmeiras
4%
Incomings Romania RM Ovidiu Stinga 96/97 Salamanca
4%
Incomings Netherlands AM Stef Nijland 08/09 Groningen
4%
Incomings Belgium LB Davy Oyen 98/99 Genk
3%
Incomings Netherlands CM Jordi Hoogstrate 03/04 Groningen
3%
Incomings Brazil AM Leandro Bonfim 01/02 Vitoria
1%
No matching quizzes found
Score Distribution
Percent of People with Each Score
Percentile by Number Answered
Your Score History
You have not taken this quiz